| 000 | 01230nam a2200409 a 4500 | ||
|---|---|---|---|
| 999 |
_c775 _d775 |
||
| 001 | ocm77378804 | ||
| 003 | OCoLC | ||
| 005 | 20210617083036.0 | ||
| 008 | 061212s2008 onca b 001 0 eng | ||
| 016 | _a20069069719 | ||
| 020 | _a9780131751781 | ||
| 020 | _a0131751786 | ||
| 035 | _a(OCoLC)77378804 | ||
| 040 |
_aNLC _beng _cNLC _dCDX _dVP@ _dUOH |
||
| 043 | _an-cn--- | ||
| 049 | _aUOHA | ||
| 050 |
_aHM586 _b.I57 2008 |
||
| 055 | 0 | 2 | _aHM586 |
| 055 | 0 |
_aHM586 _bI57 2008 |
|
| 055 | 0 | 0 |
_aHM51 _bI57 2008 fol |
| 082 | 0 |
_a301 _222 |
|
| 090 | _aHM51 .I.627 2008 | ||
| 245 | 0 | 0 |
_aIntroduction to sociology : _ba Canadian focus / _cedited by W.E. Hewitt, Jerry White, James J. Teevan. |
| 250 | _a9th ed. | ||
| 260 |
_aToronto : _bPearson Prentice Hall, _cc2008. |
||
| 300 |
_axv, 479, 4 p. : _bill. (some col.) ; _c25 cm. |
||
| 500 | _aIncludes index. | ||
| 504 | _aIncludes bibliographical references: p. [428]-465. | ||
| 650 | 0 |
_aSociology _vTextbooks. |
|
| 651 | 0 |
_aCanada _xSocial conditions _vTextbooks. |
|
| 700 | 1 |
_aTeevan, James J., _d1942- |
|
| 700 | 1 |
_aWhite, Jerry Patrick, _d1951- |
|
| 700 | 1 |
_aHewitt, W. E. _q(Warren Edward), _d1954- |
|
| 907 | _a.b29477505 | ||
| 942 |
_2lcc _cBK _nso |
||